| 000 | 00782nam a2200229 a 4500 | ||
|---|---|---|---|
| 001 | 41004 | ||
| 003 | BD-RjUL | ||
| 005 | 20211209053318.0 | ||
| 008 | 160514s1966 bg ||||| |||| 00| d ben d | ||
| 020 | _cTK. 1.75 | ||
| 035 | _a(BD-RjUL)41120 | ||
| 040 |
_aBD-RjUL _bben _cBD-RjUL _dBD-RjUL |
||
| 041 | _aben | ||
| 082 |
_223 _a891.442 _bKHJ 1966 |
||
| 100 |
_aখালেক, খোন্দকার আবদুল _9126185 |
||
| 245 | 1 | 0 |
_aজীনের বাদশা / _cখোন্দকার আবদুল খালেক |
| 260 |
_aঢাকা : _bপ্রকাশ ভবন, _c১৯৬৬ |
||
| 300 |
_a[৮], ১০৪ পৃ. ; _c১৭ সেমি. |
||
| 650 |
_aবাংলা নাটক _9126186 |
||
| 650 |
_aBengali Drama _9126187 |
||
| 942 |
_2ddc _cBK |
||
| 999 |
_c41004 _d41004 |
||